00872nam a22002657a 45000010005000000030006000050050017000110080041000280200018000690400029000870500018001160820011001341000024001452450059001692500046002282600038002743000060003125050008003725200092003805210020004725210022004926500026005146500027005407000039005678462FISKH20250915091143.0250915b cb ||||| |||| 00| 0 eng d a9780545390767 aFISKHbengcFISKHdFISKH aPZ7.M478448 E a823.92 aMcElligott, Matthew aEven monsters need haircuts / cBy Matthew McElligott  aFirst Scholastic printing, September 2011 aNew York : bScholastic , c2010. a40 unnumbered pages : bcolor illustrations ;c28 cm .  aJ  aAt night under a full moon, a child operates a barber shop with a monstrous clientele. 8 a500 bLexile 8 aJ bRaz-Plus  aBarbersvPicture book aHaircutsvPicture book aGastonguay, NicoleeBook designer